[Event "Mittelrhein Verbandsliga Ost 1314"]
[Site "Mittelrhein"]
[Date "2014.03.09"]
[Round "8.8"]
[White "Falcon, Patrick"]
[Black "Jonas, Rainer"]
[Result "0-1"]
[WhiteElo "1744"]
[BlackElo "1816"]
[PlyCount "140"]
[EventDate "2013.09.15"]
[EventType "team-tourn"]
[EventRounds "11"]
[EventCountry "GER"]
[SourceTitle "EXT 2023"]
[Source "ChessBase"]
[SourceDate "2022.10.05"]
[SourceVersion "1"]
[SourceVersionDate "2022.10.05"]
[SourceQuality "1"]
[WhiteTeam "Euskirchen Turm"]
[BlackTeam "Rheinbacher SF"]
[WhiteTeamCountry "GER"]
[BlackTeamCountry "GER"]

1. d4 Nf6 2. Nf3 g6 3. g3 Bg7 4. Bg2 d6 5. c4 0-0 6. 0-0 Nc6 7. Nc3 Na5 8. Nd2 c5 9. d5 Bd7 10. Rb1 Ng4 11. Qc2 f5 12. e3 a6 13. a4 Rb8 14. b3 b5 15. axb5 axb5 16. Nxb5 Bxb5 17. cxb5 Rxb5 18. Bb2 Nf6 19. Bc3 Qc7 20. Nc4 Nxc4 21. bxc4 Rxb1 22. Rxb1 Ra8 23. Qb2 Qc8 24. h4 Ne8 25. Bxg7 Nxg7 26. Bf3 Qa6 27. Be2 Qa2 28. Kg2 Qxb2 29. Rxb2 Ne8 30. Kf3 Nf6 31. Bd3 Ra3 32. Ke2 Ng4 33. f4 Nf6 34. Bb1 Rc3 35. Rc2 Rb3 36. Ba2 Ra3 37. Rb2 Ng4 38. Bb3 Kg7 39. Kf3 Nf6 40. Ba2 Rc3 41. Re2 Rc1 42. Rb2 Ne4 43. Bb3 h6 44. Ba2 g5 45. hxg5 hxg5 46. fxg5 Nxg5+ 47. Kg2 Kf6 48. Bb3 Ke5 49. Bc2 Ne4 50. Bd3 Rc3 51. Bxe4 Kxe4 52. Rb7 Rc2+ 53. Kh3 Rxc4 54. Rxe7+ Kxd5 55. Kg2 Re4 56. Rf7 Ke6 57. Rf8 c4 58. Kf3 Re5 59. Rc8 Re4 60. Re8+ Kd5 61. Rc8 Re7 62. Rf8 Ke5 63. Rc8 d5 64. Rc6 Rb7 65. Rc8 Rb3 66. Re8+ Kd6 67. Kf4 Rb5 68. Re5 c3 69. Rxf5 c2 70. Rf6+ Kd7 0-1

[Event "Mittelrhein Verbandsliga-O 1112"]
[Site "Germany"]
[Date "2012.05.20"]
[Round "11"]
[White "Falcon, Patrick"]
[Black "Puetz, Peter"]
[Result "1-0"]
[WhiteElo "1706"]
[BlackElo "1403"]
[PlyCount "67"]
[EventDate "2011.09.18"]
[EventType "team-tourn"]
[EventRounds "11"]
[EventCountry "GER"]
[SourceTitle "EXT 2013"]
[Source "ChessBase"]
[SourceDate "2012.11.22"]
[SourceVersion "1"]
[SourceVersionDate "2012.11.22"]
[SourceQuality "1"]
[WhiteTeam "Euskirchen Turm"]
[BlackTeam "Hennef"]
[WhiteTeamCountry "GER"]
[BlackTeamCountry "GER"]

1. d4 Nf6 2. Nf3 e6 3. g3 Be7 4. Bg2 0-0 5. 0-0 d5 6. c4 c6 7. Qc2 Nbd7 8. Nbd2 b5 9. b3 Bb7 10. Bb2 b4 11. c5 a5 12. a3 Qb8 13. axb4 axb4 14. Rxa8 Bxa8 15. Ra1 Qc7 16. Ra4 Rb8 17. Nf1 Ne4 18. Qc1 Nexc5 19. dxc5 Nxc5 20. Ra2 Nxb3 21. Qd1 Nc5 22. Qa1 Qc8 23. Ra7 Bd6 24. Bxg7 Qe8 25. Bh6 Bf8 26. Bxf8 Qxf8 27. Ng5 Nb7 28. Qb1 Qh6 29. h4 c5 30. Ne3 Qg6 31. Qa1 b3 32. Rxa8 b2 33. Rxb8+ Kg7 34. Qxb2+ 1-0